コンテンツを見る
Inicio
Centros participantes
Catálogo
Servicios
Contacto
ログイン
English
Deutsch
Español
Français
Italiano
日本語
Nederlands
Português
Português (Brasil)
中文(简体)
中文(繁體)
Türkçe
עברית
Gaeilge
Cymraeg
Ελληνικά
Català
Euskara
Русский
Čeština
Suomi
Svenska
polski
Dansk
slovenščina
اللغة العربية
বাংলা
Galego
Tiếng Việt
Hrvatski
हिंदी
Հայերէն
Українська
Sámegiella
言語
全フィールド
タイトル
著者
主題
請求記号
ISBN/ISSN
タグ
検索
詳細検索
Memoria /
この資料を引用
この資料をメール
印刷
エクスポート
エクスポート先: RefWorks
エクスポート先: EndNoteWeb
エクスポート先: EndNote
お気に入りに追加
パーマネントリンク
اكتمل التصدير —
最初の評価を行う
Memoria /
保存先:
書誌詳細
共著者:
Costa Rica. Ministerio de Ambiente, Energía y Minas
,
MINAE FUDEU
フォーマット:
テキスト
出版事項:
San José:
IPECA
タグ:
タグ追加
タグなし, このレコードへの初めてのタグを付けませんか!
所蔵
その他の書誌記述
コメント
類似資料
MARC表示
MARC
LEADER
00000 a a2200000 04500
001
22835
003
040
090
|a
157300
110
|a
Costa Rica. Ministerio de Ambiente, Energía y Minas
245
|a
Memoria /
|c
Costa Rica. Ministerio de Ambiente, Energía y Minas
260
|a
San José:
|b
IPECA
300
|a
35 p
|b
il.
710
|a
MINAE
|a
FUDEU
999
|c
16235
|d
16235
類似資料
Movimiento campesino en Chile: antecedentes y perspectivas /
著者:: Gómez, Sergio
Pensamiento liberal en América Latina: selección de ensayos del primer premio de liberalismo en América /
著者:: Klein, Harald
Los Derechos del trabajador latinoamericano: Agresiones y desafíos. Informe 1995 /
Entrevistas sobre educación /
著者:: Servín Victorino, Jorge
Exposición documental: "Participación Ciudadana y Elecciones en Nicaragua 1838-1990"; catálogo /